LEADER 01197nam a2200277 u 4500 001 000000115921 003 CaOOAMICUS 005 20090528173233.0 008 090528s2009 it j u000 u ita r 020 $z978-88-16-43522-3* 040 $aPUL$bita$dLDB 100 1 $aDel Zotto, Carla.$0(OLS)http://pul/name/71950 245 10$aRosvita :$bla poetessa degli imperatori sassoni /$cCarla Del Zotto. 260 $aMilano :$bJaca Book,$cc2009. 300 $a150 p. :$btav. geneal. ;$c21 cm 490 1 $aDonne d'oriente e d'occidente ;$v22 500 $aComprende indici. 504 $aBibliografia: p. 121-133 600 04$aHrotsvita Gandeshemensis,$dc. 935-c. 974.$0(OLS)http://pul/subject/26252 830 0$aDonne d'oriente e d'occidente ;$v22.$0(OLS)http://pul/title/40679 850 $aPUL 852 $aPUL$W1$xSL Cons. Gen., Altre Classi 3$y75$m872 DELCA 1$j133261$qDDC 21$B131811$CPULBib$Z2$F131811 $H110729 $82 941 1 $a9 996 $6020$z978-88-16-43522-3*$9(OLS)http://pul/number/140923 996 $6245$aRosvita :$bla poetessa degli imperatori sassoni$9(OLS)http://pul/title/145666 996 $6260$aMilano :$bJaca Book$9(OLS)http://pul/publisher/47900 LEADER 01127nam a2200241 a 4500 001 000000145888 003 CaOOAMICUS 005 20150921124125.0 008 150921s1974 gw a 001 0 ger r 040 $aPUL$bita 100 1 $aSajner, Josef.$0(OLS)http://pul/name/93372 245 10$aJohann Gregor Mendel Leben und Werk :$bein Bildbuch /$cJosef Sajner ; mit einem Beitrag im Anhang von Adolar Zumkeller OSA: Neuentdeckte Predigtskizzen Gregor Mendels. 260 $aWürzburg :$bAugustinus-Verlag,$c1974. 300 $a143 p. :$bill. ;$c19 cm 504 $aInclude riferimenti bibiografici. 600 14$aMendel, Johann Gregor,$cO.S.A.,$d1822-1884.$0(OLS)http://pul/subject/16049 700 1 $aZumkeller, Adolar,$cO.S.A.,$d1915-$0(OLS)http://pul/name/12345 850 $aPUL 852 $aPUL$W1$xDP1 Religione 1$y20$m641 H 48$j168803$qStampati$B169440$CPULBib$Z2$F169440 $H42101 $82 941 1 $a8 996 $6245$aJohann Gregor Mendel Leben und Werk :$bein Bildbuch$9(OLS)http://pul/title/184463 996 $6260$aWürzburg :$bAugustinus-Verlag$9(OLS)http://pul/publisher/49964